Jej meno má zvuk Beata Tyszkiewiczová

Podrobná bibliografia
Hlavní autori: Velehradská, Milada (Autor), Tyszkiewiczová, Beata (Autor)
Médium: Článok
Jazyk:slovenčina
Fyzický popis:Obr.
Predmet:

MARC

LEADER 00000nab a2200000 a 4500
001 vtls009184785
003 SK-MaSNL
005 20260304150803.0
008 250506 1976 xo 000 0 slo
015 |a SNBRB1976 
035 |a (uuid)3c14f507-2637-44d6-ab8f-e4cb01da4a61 
035 |a urn:nbn:sk:snk-abdrd8 
035 |a (urnnbn)urn:nbn:sk:snk:ar-000yh3 
040 |a SNKBUCL  |b slo  |c SNKBUCL  |e AACR2 
041 0 |a slo 
044 |a xo  |c SK 
080 |a 792.071.2  |2 2001 
080 |a 791.44.071.2  |2 2001 
080 |a 929 Tyszkiewiczová, Beata  |2 2001 
100 1 |a Velehradská, Milada  |4 aut  |9 946796 
245 1 0 |a Jej meno má zvuk Beata Tyszkiewiczová  |c Milada Velehradská 
300 |a Obr. 
600 1 7 |a Tyszkiewiczová, Beata  |2 snkbucl  |9 929229 
700 1 |a Tyszkiewiczová, Beata  |4 aut  |9 929229 
773 0 |t Film a divadlo  |g Roč. 20, č. 23 (1976), s. 28-29 
850 |a Slovenská národná knižnica 
852 |a Slovenská národná knižnica 
954 |a odborná, vedecká literatúra pôvodná (slovenská)  |2 lita 
958 |a article19 
958 |a OND 
958 |a BC 
958 |a PL 
958 |a EUIPO 
999 |c 2939608  |d 2941538